|
|
|
|
| LEADER |
00000nam0a2200000 4500 |
| 001 |
81769 |
| 005 |
20231101213205.0 |
| 010 |
|
|
|a 5253001948
|
| 020 |
|
|
|a RU
|b 92-18691
|
| 035 |
|
|
|a (RuTPU)RU\TPU\book\87879
|
| 090 |
|
|
|a 81769
|
| 100 |
|
|
|a 20050923d1992 m y0rusy5003 ca
|
| 101 |
1 |
|
|a rus
|c ger
|
| 102 |
|
|
|a RU
|
| 105 |
|
|
|a y z 000ay
|
| 200 |
1 |
|
|a Игра в бисер
|e [роман]
|e пер. с нем.
|f Г. Гессе
|g пер. С. К. Апт; авт. предисл. Н. С. Павлова; И. Н. Мельников
|
| 210 |
|
|
|a Москва
|c Правда
|d 1992
|
| 215 |
|
|
|a 493,[2] с.
|c ил.
|d 20 см
|
| 333 |
|
|
|a Исключено из фонда НТБ ТПУ
|
| 675 |
|
|
|a 83
|z rus
|
| 700 |
|
1 |
|a Гессе
|b Г.
|c немецкий писатель
|c мастер психологического символизма
|f 1877-1962
|g Герман
|2 stltpush
|3 (RuTPU)RU\TPU\pers\12868
|4 070
|9 3688
|
| 702 |
|
1 |
|a Апт
|b С. К.
|4 730
|
| 702 |
|
1 |
|a Павлова
|b Н. С.
|4 080
|
| 702 |
|
1 |
|a Мельников
|b И. Н.
|4 440
|
| 801 |
|
0 |
|a RU
|b RuMRKP
|c 19950417
|g psbo
|
| 801 |
|
1 |
|a RU
|b 63413507
|c 20050923
|g PSBO
|
| 801 |
|
2 |
|a RU
|b 63413507
|c 20220603
|g PSBO
|
| 942 |
|
|
|c BK
|